Wszystkie zwierzęta na 5 liter - Statystyki

Ogólne statystyki
  • Ten quiz został rozwiązany 292 razy
  • Średni wynik to 16 z 59
Statystyki odpowiedzi
Odpowiedź % Poprawnych
krowa
77%
zebra
66%
małpa
56%
jeleń
53%
sarna
53%
koala
47%
kogut
47%
goryl
43%
baran
42%
pająk
39%
panda
39%
rekin
39%
komar
37%
mucha
37%
wrona
37%
orzeł
36%
zając
36%
osioł
35%
hiena
34%
motyl
33%
sroka
30%
struś
30%
gołąb
29%
indyk
29%
łosoś
28%
bawół
26%
bizon
26%
lemur
25%
ważka
25%
żmija
25%
sójka
24%
sokół
22%
tukan
22%
wydra
22%
kawka
21%
waran
20%
dorsz
19%
kojot
19%
kobra
18%
dudek
17%
szpak
17%
szpak
17%
norka
16%
śledź
16%
pyton
15%
waleń
15%
fenek
14%
homar
12%
gekon
10%
dingo
9%
wilga
9%
drozd
8%
manta
8%
suseł
8%
gibon
7%
pchła
7%
agama
6%
golec
6%
zięba
6%
Nie znaleziono quizów pasujących do podanych kryteriów
Rozkład punktacji
Procent ludzi z każdym wynikiem
Percentyl według liczby udzielonych odpowiedzi
Twoja historia wyników
Nie rozwiązałeś tego quizu